<The> welfare state in the European Union economic and social perspectives

Salvato in:
Dettagli Bibliografici
Autore principale: Pestieau, Pierre
Natura: Libro
Lingua:inglese
Pubblicazione: New York Oxford University Press 2006
Soggetti:
Tags: Aggiungi Tag
Nessun Tag, puoi essere il primo ad aggiungerne!!

MARC

LEADER 00000nam a2200000 4500
001 0135195
005 20240306140043.7
020 |a 978-0-19-926102-4 
020 |a 978-0-19-926101-7 
041 0 |a eng 
044 |a US 
245 1 0 |a <The> welfare state in the European Union  |b economic and social perspectives  |c Pierre Pestieau 
264 1 |a New York  |b Oxford University Press  |c 2006 
300 |a 169 s. 
610 2 0 |a politika sociálna 
610 2 0 |a štýl životný 
610 2 0 |a bohatstvo 
610 2 0 |a chudoba 
610 2 0 |a nerovnosť 
610 2 0 |a poistenie sociálne 
610 2 0 |a globalizácia 
610 2 0 |a penzie 
610 2 0 |a starostlivosť zdravotná 
610 2 0 |a nezamestnanosť 
610 2 0 |a podpory 
610 2 0 |a Európska únia 
100 1 |a Pestieau, Pierre